| 000 | 01275nam a22003617a 4500 | ||
|---|---|---|---|
| 999 |
_c17032 _d17032 |
||
| 001 | 16418757 | ||
| 003 | OSt | ||
| 005 | 20180823164136.0 | ||
| 008 | 100816s2010 enka b 001 0 eng c | ||
| 010 | _a 2010281903 | ||
| 020 | _a9780230236189 | ||
| 020 | _a0230236189 | ||
| 035 | _a(OCoLC)ocn428030518 | ||
| 040 | _aSEKU | ||
| 042 | _apcc | ||
| 050 | 0 | 0 |
_aHB 3717 _b.H8 |
| 082 | 0 | 0 |
_a330.9/0511 _222 |
| 100 | 1 | _aHuertas, Thomas F. | |
| 245 | 1 | 0 |
_aCrisis : _bcause, containment and cure / _cThomas F. Huertas. |
| 260 |
_aNew York : _bPalgrave Macmillan, _c2010. |
||
| 300 |
_a223 p. : _bill. |
||
| 504 | _aIncludes bibliographical references. | ||
| 650 | 0 | _aGlobal Financial Crisis, 2008-2009. | |
| 650 | 0 | _aFinancial crises. | |
| 650 | 0 |
_aFinancial crises _xPrevention. |
|
| 650 | 0 |
_aFinancial institutions _xState supervision. |
|
| 650 | 0 | _aEconomic policy. | |
| 856 | 4 | 2 |
_3Contributor biographical information _uhttp://www.loc.gov/catdir/enhancements/fy1102/2010281903-b.html |
| 856 | 4 | 2 |
_3Publisher description _uhttp://www.loc.gov/catdir/enhancements/fy1102/2010281903-d.html |
| 856 | 4 | 1 |
_3Table of contents only _uhttp://www.loc.gov/catdir/enhancements/fy1102/2010281903-t.html |
| 942 |
_2lcc _cGEN |
||